| 000 | 00370cam a2200145ua 4500 | ||
|---|---|---|---|
| 041 |
_aeng _h |
||
| 082 |
_a591.33 _bWAD/PR |
||
| 100 | _aWaddington, C H . | ||
| 245 |
_aPrinciples of embryology / _cC H Waddington. _hTextual Documents |
||
| 260 |
_aLondon : _bGeorge Allen & Unwin Ltd , _c1962. |
||
| 300 | _a510 ; . | ||
| 504 | _a | ||
| 942 | _cBK | ||
| 999 |
_c9276 _d9276 |
||